| 000 | 00761nam a2200289 a 4500 | ||
|---|---|---|---|
| 003 | AR-BaBNM | ||
| 005 | 20251128210428.0 | ||
| 008 | 082120s2002 ||||||||||||||000 | spa|| | ||
| 020 | _a950-23-0523-x | ||
| 040 | _cAR-BaBNM | ||
| 245 | 0 | 0 |
_aSociología _bguía de estudio |
| 260 |
_aBuenos Aires _bEudeba _c1996 |
||
| 300 | _a49 p. | ||
| 490 | 0 | _aUBA XXI | |
| 650 | 4 | _aENSEÑANZA UNIVERSITARIA | |
| 650 | 4 | _aFORMACION POR MODULOS | |
| 650 | 4 | _aSOCIOLOGIA | |
| 650 | 4 | _aGUIAS DE ESTUDIOS | |
| 650 | 4 | _aACTIVIDADES DE APRENDIZAJE | |
| 650 | 4 | _aBIBLIOGRAFIA | |
| 653 | _aEDUCACION SUPERIOR | ||
| 653 | _aEDUCACION A DISTANCIA | ||
| 700 | 1 |
_aConrado, Horacio _ecoordinador |
|
| 800 | 1 |
_aRiccó, Norma _edirector |
|
| 942 | _cBK | ||
| 998 | _cRaquel | ||
| 999 |
_c15446 _d15446 |
||